[Event "PMPJ 2022- D17"]
[Site "Jastrzebia Gora"]
[Date "2022.11.13"]
[Round "9.4"]
[White "Labedz, Gabriela"]
[Black "Bychowska, Marta"]
[Result "0-1"]
[BlackElo "1481"]
[WhiteElo "1365"]
[LiveChessVersion "1.4.8"]

1. e4 {[%clk 1:30:58]} e5 {[%clk 1:30:56]} 2. d4 {[%clk 1:31:21]} exd4
{[%clk 1:31:21]} 3. Qxd4 {[%clk 1:31:48]} Nc6 {[%clk 1:31:45]} 4. Qe3
{[%clk 1:32:14]} Nf6 {[%clk 1:31:33]} 5. Bd2 {[%clk 1:32:22]} d6 {[%clk 1:31:13]}
6. Nc3 {[%clk 1:32:33]} Be7 {[%clk 1:30:27]} 7. O-O-O {[%clk 1:32:30]} Ng4
{[%clk 1:29:50]} 8. Qe1 {[%clk 1:31:41]} Be6 {[%clk 1:28:02]} 9. f4
{[%clk 1:28:18]} f6 {[%clk 1:16:38]} 10. h3 {[%clk 1:21:54]} Nh6 {[%clk 1:16:57]}
11. f5 {[%clk 1:20:43]} Bf7 {[%clk 1:16:54]} 12. Qg3 {[%clk 1:15:14]} g5
{[%clk 1:13:55]} 13. h4 {[%clk 1:10:30]} Ng8 {[%clk 1:09:20]} 14. hxg5
{[%clk 1:06:52]} fxg5 {[%clk 1:09:41]} 15. Nf3 {[%clk 1:06:03]} g4
{[%clk 1:06:26]} 16. Qxg4 {[%clk 1:04:39]} Nf6 {[%clk 1:06:47]} 17. Qf4
{[%clk 1:02:21]} Qd7 {[%clk 1:05:52]} 18. Bb5 {[%clk 0:57:56]} a6
{[%clk 1:02:03]} 19. Ba4 {[%clk 0:55:52]} b5 {[%clk 1:02:19]} 20. Nxb5
{[%clk 0:51:30]} axb5 {[%clk 1:02:07]} 21. Bxb5 {[%clk 0:51:53]} Rxa2
{[%clk 1:00:18]} 22. Bc3 {[%clk 0:50:39]} Kd8 {[%clk 0:58:20]} 23. Nd4
{[%clk 0:49:34]} Nxd4 {[%clk 0:58:34]} 24. Rxd4 {[%clk 0:46:16]} Qxb5
{[%clk 0:58:41]} 25. Kd2 {[%clk 0:44:42]} Rg8 {[%clk 0:57:32]} 26. Qf3
{[%clk 0:42:06]} Nxe4+ {[%clk 0:53:26]} 27. Rxe4 {[%clk 0:39:35]} Bg5+
{[%clk 0:53:49]} 28. Rf4 {[%clk 0:37:33]} Bxf4+ {[%clk 0:53:48]} 29. Qxf4
{[%clk 0:37:58]} Rxg2+ {[%clk 0:54:07]} 30. Ke3 {[%clk 0:38:21]} Qe2+
{[%clk 0:54:16]} 31. Kd4 {[%clk 0:38:43]} Rg4 {[%clk 0:54:31]} 0-1

[Event "PMPJ 2022- D17"]
[Site "Jastrzebia Gora"]
[Date "2022.11.13"]
[Round "9.5"]
[White "Bartoszek, Julia"]
[Black "Lopusiewicz, Marta"]
[Result "1-0"]
[BlackElo "1270"]
[WhiteElo "1253"]
[LiveChessVersion "1.4.8"]

1. e4 {[%clk 1:30:59]} c6 {[%clk 1:30:56]} 2. d4 {[%clk 1:31:17]} d5
{[%clk 1:31:22]} 3. Nc3 {[%clk 1:31:40]} dxe4 {[%clk 1:31:38]} 4. Nxe4
{[%clk 1:32:02]} Nf6 {[%clk 1:31:58]} 5. Nxf6+ {[%clk 1:32:26]} gxf6
{[%clk 1:29:56]} 6. Bc4 {[%clk 1:31:44]} Bf5 {[%clk 1:29:05]} 7. Be3
{[%clk 1:29:05]} Nd7 {[%clk 1:18:52]} 8. g4 {[%clk 1:26:00]} Be4 {[%clk 1:15:25]}
9. f3 {[%clk 1:26:01]} Bg6 {[%clk 1:14:30]} 10. Qd2 {[%clk 1:22:03]} Nb6
{[%clk 1:06:00]} 11. Bb3 {[%clk 1:21:05]} Qd7 {[%clk 0:58:57]} 12. O-O-O
{[%clk 1:19:56]} O-O-O {[%clk 0:57:41]} 13. Ne2 {[%clk 1:19:13]} Nd5
{[%clk 0:55:40]} 14. Nc3 {[%clk 1:16:12]} e6 {[%clk 0:47:03]} 15. Nxd5
{[%clk 1:15:15]} exd5 {[%clk 0:47:16]} 16. Rde1 {[%clk 1:11:53]} h5
{[%clk 0:46:01]} 17. h3 {[%clk 1:11:54]} Bd6 {[%clk 0:38:29]} 18. Bf4
{[%clk 1:10:05]} Bxf4 {[%clk 0:36:49]} 19. Qxf4 {[%clk 1:10:29]} Qd6
{[%clk 0:37:15]} 20. Qxd6 {[%clk 1:10:42]} Rxd6 {[%clk 0:37:40]} 21. c3
{[%clk 1:10:27]} Re6 {[%clk 0:34:03]} 22. Rxe6 {[%clk 1:08:00]} fxe6
{[%clk 0:34:27]} 23. Re1 {[%clk 1:07:28]} Kd7 {[%clk 0:34:47]} 24. Bc2
{[%clk 1:03:23]} Bxc2 {[%clk 0:34:46]} 25. Kxc2 {[%clk 1:03:48]} hxg4
{[%clk 0:35:13]} 26. hxg4 {[%clk 1:04:09]} Rh2+ {[%clk 0:35:33]} 27. Kb3
{[%clk 1:04:32]} Rf2 {[%clk 0:35:19]} 28. Rh1 {[%clk 0:57:00]} Rxf3
{[%clk 0:34:30]} 29. Rh7+ {[%clk 0:57:26]} Kc8 {[%clk 0:34:52]} 30. Re7
{[%clk 0:57:47]} Re3 {[%clk 0:30:58]} 31. Rf7 {[%clk 0:58:06]} Rf3
{[%clk 0:24:01]} 32. g5 {[%clk 0:58:08]} Rg3 {[%clk 0:23:14]} 33. gxf6
{[%clk 0:57:58]} Rf3 {[%clk 0:21:26]} 34. Kb4 {[%clk 0:56:22]} b6
{[%clk 0:21:27]} 35. Kb3 {[%clk 0:54:06]} a5 {[%clk 0:20:46]} 36. Kc2
{[%clk 0:54:09]} Kd8 {[%clk 0:21:07]} 37. a3 {[%clk 0:53:16]} b5 {[%clk 0:19:01]}
38. Rf8+ {[%clk 0:52:36]} Kd7 {[%clk 0:19:02]} 39. f7 {[%clk 0:52:39]} Ke7
{[%clk 0:19:12]} 40. Rc8 {[%clk 0:52:53]} Kxf7 {[%clk 0:18:48]} 41. Rxc6
{[%clk 0:53:14]} Rf2+ {[%clk 0:18:58]} 42. Kb3 {[%clk 0:53:28]} a4+
{[%clk 0:19:13]} 43. Ka2 {[%clk 0:53:54]} Kf6 {[%clk 0:18:02]} 44. Rc5
{[%clk 0:54:10]} e5 {[%clk 0:17:38]} 45. dxe5+ {[%clk 0:54:32]} Kxe5
{[%clk 0:18:02]} 46. Rxb5 {[%clk 0:54:59]} Rf4 {[%clk 0:17:34]} 47. Rb4
{[%clk 0:54:56]} Rxb4 {[%clk 0:16:44]} 48. axb4 {[%clk 0:55:19]} Kd6
{[%clk 0:17:11]} 49. Ka3 {[%clk 0:55:42]} Kc6 {[%clk 0:17:14]} 50. Kxa4
{[%clk 0:56:07]} Kb6 {[%clk 0:17:39]} 51. b5 {[%clk 0:56:04]} Kc7
{[%clk 0:17:42]} 52. Ka5 {[%clk 0:56:28]} Kb7 {[%clk 0:17:16]} 53. b6
{[%clk 0:56:47]} 1-0

[Event "PMPJ 2022- D17"]
[Site "Jastrzebia Gora"]
[Date "2022.11.13"]
[Round "9.7"]
[White "Nagly, Malgorzata"]
[Black "Gaczol, Julia"]
[Result "0-1"]
[BlackElo "1466"]
[WhiteElo "1077"]
[LiveChessVersion "1.4.8"]

1. e4 {[%clk 1:27:22]} c5 {[%clk 1:30:53]} 2. Nf3 {[%clk 1:27:33]} a6
{[%clk 1:31:17]} 3. c3 {[%clk 1:27:35]} d5 {[%clk 1:31:08]} 4. exd5
{[%clk 1:26:45]} Qxd5 {[%clk 1:31:25]} 5. d4 {[%clk 1:26:18]} e6 {[%clk 1:27:15]}
6. Be2 {[%clk 1:22:44]} Nf6 {[%clk 1:25:09]} 7. O-O {[%clk 1:21:47]} Nc6
{[%clk 1:23:50]} 8. Bf4 {[%clk 1:17:40]} cxd4 {[%clk 1:11:41]} 9. cxd4
{[%clk 1:15:59]} Bb4 {[%clk 1:06:38]} 10. Nc3 {[%clk 1:08:13]} Qa5
{[%clk 0:58:35]} 11. Qd3 {[%clk 1:02:26]} O-O {[%clk 0:51:34]} 12. a3
{[%clk 0:55:55]} Be7 {[%clk 0:49:32]} 13. Bd1 {[%clk 0:45:21]} b5
{[%clk 0:34:31]} 14. Bc2 {[%clk 0:38:02]} g6 {[%clk 0:31:19]} 15. Rfe1
{[%clk 0:28:24]} Rd8 {[%clk 0:30:21]} 16. Rad1 {[%clk 0:23:19]} b4
{[%clk 0:22:51]} 17. Na4 {[%clk 0:18:53]} Nh5 {[%clk 0:13:28]} 18. Be5
{[%clk 0:11:29]} Bb7 {[%clk 0:10:10]} 19. Ra1 {[%clk 0:03:26]} bxa3
{[%clk 0:07:48]} 20. bxa3 {[%clk 0:03:46]} Nxe5 {[%clk 0:07:24]} 21. Rxe5
{[%clk 0:03:17]} Rd5 {[%clk 0:07:00]} 22. Rae1 {[%clk 0:01:37]} Nf4
{[%clk 0:02:23]} 23. Qb3 {[%clk 0:00:59]} Qb5 {[%clk 0:01:38]} 24. Qxb5
{[%clk 0:00:41]} axb5 {[%clk 0:02:06]} 25. Nb6 {[%clk 0:00:56]} Rxe5
{[%clk 0:02:09]} 26. Rxe5 {[%clk 0:00:44]} Rxa3 {[%clk 0:02:08]} 27. Rxb5
{[%clk 0:01:08]} Bxf3 {[%clk 0:00:49]} 28. gxf3 {[%clk 0:00:45]} Ne2+
{[%clk 0:01:01]} 29. Kf1 {[%clk 0:00:49]} Nxd4 {[%clk 0:01:24]} 30. Rb1
{[%clk 0:00:32]} Nxc2 {[%clk 0:01:37]} 31. Rc1 {[%clk 0:00:42]} Ra1
{[%clk 0:01:17]} 32. Rxa1 {[%clk 0:00:50]} Nxa1 {[%clk 0:01:45]} 33. Ke2
{[%clk 0:00:53]} Nb3 {[%clk 0:01:57]} 34. Kd3 {[%clk 0:00:44]} Bc5
{[%clk 0:02:01]} 35. Nd7 {[%clk 0:00:43]} Bxf2 {[%clk 0:01:50]} 36. Nf6+
{[%clk 0:01:05]} Kg7 {[%clk 0:02:15]} 37. Ng4 {[%clk 0:01:28]} Bb6
{[%clk 0:02:28]} 38. Kc3 {[%clk 0:01:01]} Nd4 {[%clk 0:02:32]} 39. Ne5
{[%clk 0:01:06]} f6 {[%clk 0:02:15]} 40. Nc4 {[%clk 0:00:50]} Nxf3
{[%clk 0:02:25]} 41. Nxb6 {[%clk 0:01:09]} Nxh2 {[%clk 0:02:50]} 0-1

[Event "PMPJ 2022- D17"]
[Site "Jastrzebia Gora"]
[Date "2022.11.13"]
[Round "9.9"]
[White "Bauer, Marika"]
[Black "Rozumek, Paulina"]
[Result "1-0"]
[BlackElo "1056"]
[WhiteElo "1129"]
[LiveChessVersion "1.4.8"]

1. e4 g6 {[%clk 1:31:04]} 2. d4 {[%clk 1:31:13]} d6 3. Nf3 {[%clk 1:30:30]} Bg7
{[%clk 1:31:06]} 4. h3 {[%clk 1:30:22]} Nf6 {[%clk 1:29:14]} 5. Nc3
{[%clk 1:30:42]} O-O {[%clk 1:29:05]} 6. Be3 {[%clk 1:30:58]} b6 {[%clk 1:23:55]}
7. Bd3 {[%clk 1:29:38]} Bb7 {[%clk 1:23:57]} 8. Qd2 {[%clk 1:29:46]} c5
{[%clk 1:21:28]} 9. d5 {[%clk 1:28:12]} e6 {[%clk 1:18:54]} 10. Bc4
{[%clk 1:22:22]} Re8 {[%clk 1:12:48]} 11. Rd1 {[%clk 1:20:19]} Bf8
{[%clk 1:07:54]} 12. O-O {[%clk 1:19:27]} a6 {[%clk 1:08:01]} 13. Bg5
{[%clk 1:18:23]} b5 {[%clk 1:04:52]} 14. Nxb5 {[%clk 1:16:11]} Nxe4
{[%clk 1:02:21]} 15. Bxd8 {[%clk 1:16:09]} Nxd2 {[%clk 1:01:43]} 16. Nc7
{[%clk 1:14:48]} Rxd8 {[%clk 0:52:05]} 17. Rxd2 {[%clk 1:14:11]} exd5
{[%clk 0:47:12]} 18. Nxa8 {[%clk 1:13:06]} dxc4 {[%clk 0:46:04]} 19. Nb6
{[%clk 1:13:08]} Bh6 {[%clk 0:45:06]} 20. Rdd1 {[%clk 1:13:04]} d5
{[%clk 0:44:18]} 21. Nxc4 d4 {[%clk 0:42:54]} 22. Nce5 {[%clk 1:12:33]} Nd7
{[%clk 0:41:16]} 23. Nxd7 {[%clk 1:12:02]} Rxd7 {[%clk 0:41:10]} 24. Rfe1
{[%clk 1:12:07]} Bf4 {[%clk 0:39:31]} 25. Re8+ {[%clk 1:11:46]} Kg7
{[%clk 0:39:49]} 26. Rde1 {[%clk 1:10:30]} d3 {[%clk 0:38:42]} 27. cxd3
{[%clk 1:10:15]} Rxd3 {[%clk 0:38:24]} 28. Nh2 {[%clk 1:09:48]} Bd6
{[%clk 0:36:38]} 29. R8e3 {[%clk 1:09:43]} Rd4 {[%clk 0:34:25]} 30. Ng4
{[%clk 1:07:38]} h5 {[%clk 0:31:44]} 31. Ne5 {[%clk 1:06:17]} Rd5
{[%clk 0:29:49]} 32. Nc4 {[%clk 1:06:00]} Bf4 {[%clk 0:27:27]} 33. Re7
{[%clk 1:05:28]} Bc6 {[%clk 0:26:36]} 34. Ne5 {[%clk 1:05:11]} Bxe5
{[%clk 0:25:22]} 35. R7xe5 {[%clk 1:05:31]} Rxe5 {[%clk 0:25:13]} 36. Rxe5
{[%clk 1:05:58]} c4 {[%clk 0:25:33]} 37. Rc5 {[%clk 1:06:13]} Bb5
{[%clk 0:25:16]} 38. a4 {[%clk 1:06:13]} Bxa4 {[%clk 0:25:07]} 39. Rxc4
{[%clk 1:06:40]} Bb5 {[%clk 0:25:23]} 40. Rb4 {[%clk 1:06:47]} Kf6
{[%clk 0:25:09]} 41. Kh2 {[%clk 1:07:10]} g5 {[%clk 0:22:11]} 42. Kg3
{[%clk 1:07:33]} Ke5 {[%clk 0:21:43]} 43. f3 {[%clk 1:07:40]} f5 {[%clk 0:21:16]}
44. f4+ {[%clk 1:07:39]} Kf6 {[%clk 0:21:05]} 45. fxg5+ {[%clk 1:07:58]} Kxg5
{[%clk 0:21:23]} 46. h4+ {[%clk 1:08:22]} Kf6 {[%clk 0:20:41]} 47. Kf4
{[%clk 1:08:41]} Kg6 {[%clk 0:19:57]} 48. Rd4 {[%clk 1:09:03]} 1-0

[Event "PMPJ 2022 - C13"]
[Site "Jastrzebia Gora"]
[Date "2022.11.06"]
[Round "1.1"]
[White "Zielonka, Adam"]
[Black "Kryston, Aleksander"]
[Result "1-0"]
[BlackElo "1323"]
[WhiteElo "2058"]
[LiveChessVersion "1.4.4"]

1. e4 {[%clk 1:30:59]} c5 {[%clk 1:30:55]} 2. Nf3 {[%clk 1:31:23]} d6
{[%clk 1:31:18]} 3. Bb5+ {[%clk 1:31:50]} Nd7 {[%clk 1:31:38]} 4. Ba4
{[%clk 1:32:16]} Ngf6 {[%clk 1:31:24]} 5. O-O {[%clk 1:32:39]} e6
{[%clk 1:31:09]} 6. Re1 {[%clk 1:32:59]} a6 {[%clk 1:30:35]} 7. c3
{[%clk 1:33:03]} Be7 {[%clk 1:29:08]} 8. d4 {[%clk 1:33:25]} cxd4
{[%clk 1:28:31]} 9. cxd4 {[%clk 1:33:50]} O-O {[%clk 1:27:22]} 10. a3
{[%clk 1:32:05]} b5 {[%clk 1:25:47]} 11. Bc2 {[%clk 1:32:28]} Bb7
{[%clk 1:24:51]} 12. Nc3 {[%clk 1:32:52]} Rc8 {[%clk 1:18:51]} 13. e5
{[%clk 1:29:50]} dxe5 {[%clk 1:07:07]} 14. dxe5 {[%clk 1:30:14]} Nd5
{[%clk 1:06:44]} 15. Qd3 {[%clk 1:17:11]} f5 {[%clk 1:06:03]} 16. exf6
{[%clk 1:17:13]} N5xf6 {[%clk 1:00:49]} 17. Ng5 {[%clk 1:16:11]} Nc5
{[%clk 0:52:23]} 18. Qh3 {[%clk 1:16:19]} h6 {[%clk 0:35:01]} 19. Nxe6
{[%clk 1:16:38]} Nxe6 {[%clk 0:30:29]} 20. Qxe6+ {[%clk 1:17:04]} Rf7
{[%clk 0:29:25]} 21. Bb3 {[%clk 1:17:17]} 1-0

[Event "PMPJ 2022 - C13"]
[Site "Jastrzebia Gora"]
[Date "2022.11.06"]
[Round "1.2"]
[White "Chomicki, Kornel"]
[Black "Bochniak, Franciszek"]
[Result "0-1"]
[BlackElo "1839"]
[WhiteElo "1313"]
[LiveChessVersion "1.4.4"]

1. e4 c5 2. Nc3 d6 3. d3 g6 4. g3 Bg7 5. Bg2 Nc6 6. Be3 Rb8 7. Qd2 b5 8. Nge2 Nd4
9. O-O h5 10. h3 b4 11. Bxd4 cxd4 12. Nd5 a5 13. h4 e6 14. Ndf4 Ne7 15. Nh3 O-O
16. f4 d5 17. e5 Nf5 18. Kh2 Ba6 19. Rfc1 Qb6 20. b3 Rfc8 21. Rab1 Rc6 22. Ng5
Bf8 23. Nf3 Bc5 24. Bh3 Ne3 25. Kh1 Rbc8 26. Rb2 Qa7 27. Kh2 Bb5 28. Ne1 a4 29.
bxa4 Bxa4 30. Ng1 Be7 31. Ngf3 Rc3 32. Qe2 Bb5 33. Qd2 Bc5 34. Rcb1 Ba4 35. Rc1
Qb6 36. Kg1 Be7 37. Bf1 b3 38. axb3 Ba3 39. Rcb1 Bxb2 40. Rxb2 Bc6 41. Ra2 Ra8
42. Rxa8+ Bxa8 43. Be2 Qb4 44. Bd1 Nf5 45. Kg2 Qa5 46. Kf2 Qa1 47. Be2 Rc8 48.
Qd1 Qb2 49. Qd2 Ne3 50. Bd1 Qa1 51. Be2 Qb2 52. Bd1 Qb1 53. Ke2 Qa1 54. Nxd4 Nxd1
55. Qxd1 Qxd4 56. Nf3 Qc5 57. c4 dxc4 58. bxc4 Bxf3+ 59. Kxf3 Rd8 60. Ke2 Qa3 61.
Qd2 Rb8 62. Kf3 Qa1 63. Qe3 Qh1+ 64. Kf2 Rb2+ 65. Qe2 Qh2+ 66. Kf3 Qxe2# 0-1

[Event "PMPJ 2022 - C13"]
[Site "Jastrzebia Gora"]
[Date "2022.11.06"]
[Round "1.3"]
[White "Terkiewicz, Bruno"]
[Black "Nagly, Krzysztof"]
[Result "1-0"]
[BlackElo "1306"]
[WhiteElo "1839"]
[LiveChessVersion "1.4.4"]

1. d4 {[%clk 1:30:30]} d5 {[%clk 1:30:45]} 2. c4 {[%clk 1:30:58]} e6
{[%clk 1:31:02]} 3. Nc3 {[%clk 1:31:25]} Nf6 {[%clk 1:31:14]} 4. cxd5
{[%clk 1:31:52]} exd5 {[%clk 1:31:33]} 5. Bg5 {[%clk 1:32:18]} Be7
{[%clk 1:31:53]} 6. e3 {[%clk 1:32:42]} h6 {[%clk 1:32:06]} 7. Bh4
{[%clk 1:32:40]} O-O {[%clk 1:32:20]} 8. Bd3 {[%clk 1:33:06]} c5 {[%clk 1:32:01]}
9. dxc5 {[%clk 1:32:46]} Be6 {[%clk 1:29:59]} 10. Nf3 {[%clk 1:30:48]} Bxc5
{[%clk 1:27:05]} 11. O-O {[%clk 1:31:00]} Nbd7 {[%clk 1:26:09]} 12. Rc1
{[%clk 1:29:29]} Rc8 {[%clk 1:23:30]} 13. Bb1 {[%clk 1:28:17]} Be7
{[%clk 1:07:18]} 14. Nd4 {[%clk 1:27:15]} Nb6 {[%clk 1:02:01]} 15. Bxf6
{[%clk 1:15:25]} Bxf6 {[%clk 1:02:11]} 16. Qd3 {[%clk 1:15:49]} Re8
{[%clk 0:59:18]} 17. Qh7+ {[%clk 1:16:12]} Kf8 {[%clk 0:59:37]} 18. Nxe6+
{[%clk 1:16:39]} Rxe6 {[%clk 0:57:53]} 19. Bf5 {[%clk 1:17:04]} Rec6
{[%clk 0:56:48]} 20. Bxc8 {[%clk 1:16:29]} Qxc8 {[%clk 0:57:07]} 21. Qh8+
{[%clk 1:16:54]} Ke7 {[%clk 0:57:29]} 22. Qxc8 {[%clk 1:17:20]} 1-0

[Event "PMPJ 2022 - C13"]
[Site "Jastrzebia Gora"]
[Date "2022.11.06"]
[Round "1.4"]
[White "Jodlowski, Robert"]
[Black "Prokopiuk, Jakub"]
[Result "1-0"]
[BlackElo "1651"]
[WhiteElo "1302"]
[LiveChessVersion "1.4.4"]

1. b3 {[%clk 1:30:55]} Nf6 {[%clk 1:29:15]} 2. Nf3 {[%clk 1:31:13]} g6
{[%clk 1:28:39]} 3. Bb2 {[%clk 1:31:12]} Bg7 {[%clk 1:28:46]} 4. d3
{[%clk 1:31:31]} d5 {[%clk 1:27:28]} 5. Nbd2 {[%clk 1:31:21]} O-O
{[%clk 1:27:25]} 6. g3 {[%clk 1:31:43]} c5 {[%clk 1:22:26]} 7. Bg2
{[%clk 1:31:05]} Nc6 {[%clk 1:21:12]} 8. O-O {[%clk 1:30:51]} Bg4
{[%clk 1:17:31]} 9. Re1 {[%clk 1:30:50]} Rc8 {[%clk 1:12:55]} 10. e4
{[%clk 1:29:40]} dxe4 {[%clk 1:11:10]} 11. dxe4 {[%clk 1:28:01]} Qc7
{[%clk 1:03:12]} 12. h3 {[%clk 1:22:40]} Bxf3 {[%clk 1:02:48]} 13. Nxf3
{[%clk 1:22:41]} Rfd8 {[%clk 1:01:26]} 14. Qe2 {[%clk 1:22:17]} Nd4
{[%clk 0:57:18]} 15. Nxd4 {[%clk 1:21:45]} cxd4 {[%clk 0:56:22]} 16. e5
{[%clk 1:22:11]} Nh5 {[%clk 0:41:51]} 17. Rad1 {[%clk 1:13:30]} Qxc2
{[%clk 0:30:49]} 18. Qxc2 {[%clk 1:13:46]} Rxc2 {[%clk 0:30:57]} 19. Rxd4
{[%clk 1:13:44]} Rxd4 {[%clk 0:26:18]} 20. Bxd4 {[%clk 1:14:07]} b6
{[%clk 0:23:17]} 21. a4 {[%clk 1:03:32]} Bh6 {[%clk 0:19:25]} 22. e6
{[%clk 1:00:16]} f6 {[%clk 0:15:50]} 23. Rd1 {[%clk 0:55:00]} Rd2
{[%clk 0:11:17]} 24. Rxd2 {[%clk 0:54:16]} Bxd2 {[%clk 0:11:33]} 25. Bd5
{[%clk 0:54:28]} Kf8 {[%clk 0:10:47]} 26. Kf1 {[%clk 0:53:13]} Ng7
{[%clk 0:09:33]} 27. Ke2 {[%clk 0:53:12]} Bh6 {[%clk 0:07:17]} 28. g4
{[%clk 0:52:02]} Ne8 {[%clk 0:06:50]} 29. a5 {[%clk 0:52:14]} Nc7
{[%clk 0:05:29]} 30. axb6 {[%clk 0:41:05]} axb6 {[%clk 0:05:37]} 31. Bc6
{[%clk 0:40:47]} Nxe6 {[%clk 0:04:47]} 32. Bxb6 {[%clk 0:41:12]} Nf4+
{[%clk 0:04:41]} 33. Kd2 {[%clk 0:41:04]} Nd5+ {[%clk 0:02:40]} 34. Be3
{[%clk 0:41:30]} Nxe3 {[%clk 0:03:04]} 35. fxe3 {[%clk 0:41:57]} e5
{[%clk 0:02:42]} 36. Kd3 {[%clk 0:41:46]} Ke7 {[%clk 0:03:01]} 37. Bd5
{[%clk 0:42:12]} Bf8 {[%clk 0:01:51]} 38. Ke4 {[%clk 0:42:16]} Ke8
{[%clk 0:00:37]} 39. h4 {[%clk 0:41:55]} h6 {[%clk 0:00:34]} 40. Bc4
{[%clk 0:41:36]} Bc5 {[%clk 0:00:54]} 41. Bd3 {[%clk 0:41:40]} Kf7
{[%clk 0:00:54]} 42. Bc4+ {[%clk 0:41:39]} Ke7 {[%clk 0:01:05]} 43. Kd3
{[%clk 0:41:54]} f5 {[%clk 0:01:00]} 44. gxf5 {[%clk 0:40:53]} gxf5
{[%clk 0:01:26]} 45. e4 {[%clk 0:41:18]} f4 {[%clk 0:01:42]} 46. Ke2
{[%clk 0:40:40]} Kf6 {[%clk 0:01:41]} 47. Kf3 {[%clk 0:41:01]} h5
{[%clk 0:00:46]} 48. Bb5 {[%clk 0:40:41]} Ke7 {[%clk 0:00:43]} 49. Kg2
{[%clk 0:40:40]} Bb4 {[%clk 0:01:02]} 50. Be2 {[%clk 0:41:02]} Be1
{[%clk 0:00:58]} 51. Kh3 {[%clk 0:41:17]} Kd6 {[%clk 0:00:36]} 52. Bxh5
{[%clk 0:41:37]} Kc5 {[%clk 0:00:42]} 53. Bf7 {[%clk 0:39:54]} Kd4
{[%clk 0:00:42]} 54. h5 {[%clk 0:39:53]} Bb4 {[%clk 0:01:00]} 55. h6
{[%clk 0:39:55]} Bf8 {[%clk 0:01:23]} 56. h7 {[%clk 0:40:22]} Bg7
{[%clk 0:01:44]} 57. Bd5 {[%clk 0:39:34]} Kc3 {[%clk 0:01:18]} 58. Kg4
{[%clk 0:39:19]} Kd4 {[%clk 0:01:08]} 59. b4 {[%clk 0:38:50]} Bh8
{[%clk 0:01:15]} 60. Kf3 {[%clk 0:37:22]} Bg7 {[%clk 0:01:18]} 61. Ke2
{[%clk 0:37:20]} Bh8 {[%clk 0:01:33]} 62. Kd2 {[%clk 0:37:12]} Bg7
{[%clk 0:01:54]} 63. b5 {[%clk 0:36:43]} Kc5 {[%clk 0:02:14]} 64. Bc6
{[%clk 0:37:08]} Bh8 {[%clk 0:02:06]} 65. Bd7 {[%clk 0:37:09]} Bg7
{[%clk 0:01:15]} 66. Kc3 {[%clk 0:37:34]} Bh8 {[%clk 0:00:59]} 67. Kb3
{[%clk 0:37:58]} f3 {[%clk 0:00:52]} 68. Ka4 {[%clk 0:38:24]} f2 {[%clk 0:01:15]}
69. Bh3 {[%clk 0:38:51]} Kb6 {[%clk 0:01:34]} 70. Bf1 {[%clk 0:39:14]} Bg7
{[%clk 0:01:56]} 71. Kb4 {[%clk 0:39:40]} Bf6 {[%clk 0:01:55]} 72. Kc3
{[%clk 0:40:05]} Bg7 {[%clk 0:02:14]} 73. Kd2 {[%clk 0:40:30]} Bh8
{[%clk 0:02:38]} 74. Ke3 {[%clk 0:40:52]} Bf6 {[%clk 0:03:02]} 75. Kxf2
{[%clk 0:41:15]} Kc5 {[%clk 0:03:19]} 76. Kf3 {[%clk 0:41:39]} Kb6
{[%clk 0:03:32]} 77. Kg4 {[%clk 0:42:05]} Bg7 {[%clk 0:03:53]} 78. Kf5
{[%clk 0:42:31]} Bh8 {[%clk 0:04:14]} 79. Kg6 {[%clk 0:42:56]} Kc5
{[%clk 0:04:31]} 80. Kf7 {[%clk 0:43:21]} Kb6 {[%clk 0:04:53]} 81. Kg8
{[%clk 0:43:42]} Bf6 {[%clk 0:05:16]} 82. h8=Q {[%clk 0:44:01]} Bxh8
{[%clk 0:05:44]} 83. Kxh8 {[%clk 0:44:24]} Kc5 {[%clk 0:06:11]} 84. Kg7
{[%clk 0:44:49]} Kb6 {[%clk 0:06:36]} 85. Kf6 {[%clk 0:45:15]} Kc5
{[%clk 0:07:02]} 86. Kxe5 {[%clk 0:45:40]} Kd5+ 1-0